000
00302nam a2200109Ia 4500
008
171211s9999 xx 000 0 und d
245
_a
5 Steps to a 5: AP Microeconomics 2017
245
_c
Eric R. Dodge
260
_c
2016
650
_x
Economics
856
_u
http://down.ebook777.com/064/1259588025.pdf
999
_c
348094
_d
348094